000 01488cam a22001934a 4500
005 20250605164104.0
008 250528s ||||||||||||||||||||||||d
035 _a17657
020 _a9789605464936
040 _aGR-AtMCL
_bgre
_dGR-AtMCL
_eAACR2
245 1 _aΠώς να ξεκινήσετε τη δική σας επιχείρηση / Τόμος 1
260 _bΠεδίο,
_c2015
300 _a256
520 _aΤο παρόν βιβλίο φωτίζει κάθε σημαντική πτυχή της έναρξης και της λειτουργίας μιας επιχείρησης, όπως η ανάπτυξη της ιδέας σας, η εξασφάλιση χρηματικών πόρων, η οικοδόμηση σχέσεων με τους πελάτες, η διεύρυνση της διαδικτυακής παρουσίας σας, και πολλά άλλα. Περαιτέρω Πληροφορίες για τους Αγγλομαθείς, Εσείς και οι Ιδέες σας, Ποιός θα Αγοράσει;, Coaching για Επιχειρηματίες, Είστε Σίγουρος;, Το Επιχειρηματικό Σχέδιο, Η Διαδικασία Βήμα Βήμα, Επιχειρηματική Εμπλοκή Part-Time, Franchise (Δικαιόχρηση), Η Κατάλληλη Ονομασία, Μεταδίδοντας το Μήνυμα.
700 1 _aWilliams Sara
_93846
942 _cBK
999 _c3059
_d3059